=LDR 00000nam 2200000 4500 =001 INLIS000000000052746 =990 ##$$a 21709858 =005 20180227095246 =990 ##$$a 21709860 =035 ##$$a 0010-0218000442 =990 ##$$a 21709859 =007 ta =990 ##$$a 21709857 =008 180227###########################0###### =990 ##$$a 21709856 =020 ##$$a 978-979-692-592-6 =082 ##$$a 599.9 =084 ##$$a 599.9 WOW a =100 #$$a Wowo sunaryo kuswana =245 1#$$a Antroprometri terapan untuk perencanaa sistem kerja /$c Wowo sunaryo kuswana =250 ##$$a cet.1 =260 ##$$a Bandung :$b Remaja Rosdekanyo,$c 2015 =300 ##$$a 141 hlm : $b ilus. ; $c 24 cm =650 ##$$a Antropometri =700 #$$a Andreayani kamsyach =504 ##$$a Bibliografi : hlm. 139-141 =990 ##$$a 49564956 =990 ##$$a 49564956 =990 ##$$a 49564956 =990 ##$$a 49564956 =990 ##$$a 49564956 =990 ##$$a 21709856 =990 ##$$a 01201804956 =990 ##$$a 01201804957 =990 ##$$a 01201804958 =990 ##$$a 01201804959 =990 ##$$a 21709857 =990 ##$$a 01201804956 =990 ##$$a 01201804957 =990 ##$$a 01201804958 =990 ##$$a 21709856 =990 ##$$a 21709858 =990 ##$$a 01201804956 =990 ##$$a 01201804957 =990 ##$$a 21709857 =990 ##$$a 21709856 =990 ##$$a 21709859 =990 ##$$a 01201804956 =990 ##$$a 21709858 =990 ##$$a 21709857 =990 ##$$a 21709856 =990 ##$$a 21709860 =990 ##$$a 21709859 =990 ##$$a 21709858 =990 ##$$a 21709857 =990 ##$$a 21709856